| 000 | 00502pab a2200181 454500 | ||
|---|---|---|---|
| 008 | 180718b2010 xxu||||| |||| 00| 0 eng d | ||
| 100 | _aWalstad, William B. | ||
| 245 | _aThe effects of financial education on the financial knowledge of high school students | ||
| 260 | _c2010 | ||
| 300 | _ap.336-357. | ||
| 362 | _aSummer | ||
| 650 | _aEducational finance | ||
| 700 | _aMacdonald, Richard A. | ||
| 700 | _aRebeck, Ken | ||
| 773 | _aJournal of Consumer Affairs | ||
| 908 | _aN | ||
| 909 | _a90018 | ||
| 999 |
_c90018 _d90018 |
||